| 000 | 00728nam a2200217Ii 4500 | ||
|---|---|---|---|
| 003 | JO-AjNU | ||
| 008 | 230605s9999||||xx |||||||||||||| ||und|| | ||
| 017 | _a2006/2/283 | ||
| 040 |
_aJO-AjNU _bara _erda _cJO-AjNU |
||
| 041 | _aara | ||
| 050 | 1 | 4 | _aJQ1833.A92.S57.2006 |
| 100 | 3 |
_aالشناق ، عبد المجيد زيد, _eauthor _921678 |
|
| 245 | 0 | 0 | _aمساق التربية الوطنية |
| 250 | _a(د،ط) | ||
| 264 | 3 | 1 | _aعمان : عبد المجيد زيد الشناق ، 2006 |
| 300 | _a371ص | ||
| 336 |
_atext _btxt _2rdacontent |
||
| 337 |
_aunmediated _bn _2rdamedia |
||
| 338 |
_avolume _bnc _2rdacarrier |
||
| 650 | 4 |
_aالتربية الوطنية -- تاريخ الاردن -- الاردن _921679 |
|
| 999 |
_aA7571 _c11139 _d11139 |
||